| 000 | 005610000a22001810004500 | ||
|---|---|---|---|
| 003 | MACL | ||
| 005 | 20160608130304.0 | ||
| 008 | 160608b xxu||||| |||| 00| 0 eng d | ||
| 040 |
_aMACL _cMACL |
||
| 041 | _aHindi | ||
| 082 | _a920 SAH | ||
| 100 |
_aसाहा, रणजीत _948558 |
||
| 245 |
_aमहामति प्राणनाथ _cरणजीत साहा |
||
| 260 |
_bसाहित्य अकादेमी _c2003 _aनई दिल्ली |
||
| 350 | _a25 | ||
| 650 |
_aBiography _963014 |
||
| 942 |
_cHIN _k920/SAH _2ddc |
||
| 999 |
_c12574 _d12574 |
||